01373nas a2200265 i 4500001000700000003000400007005001700011007000300028008004100031040002800072041000800100100005500108245007600163264008400239300002300323336002700346337003400373338003000407362003300437500007500470520036700545650006800912650006500980650006201045255121AGN20260203143116.0ta260203e1955 dr |||p|r||||||0| |0spa d cAGNaDO-SdBNPbspaerda aspa1 aRodríguez Demorizi, Emilio,d1908-1986edirector aRevista dominicana de cultura /cEmilio Rodríguez Demorizi, director. aCiudad Trujillo, República Dominicana :bEmilio Rodríguez Demorizi, c1955. avolumen ; c23 cm. atextobtxt2rdacontent asin mediación bn2rdamedia avolumen bnc 2rdacarrier aVol 1. No 1. noviembre 1955. aCatalogación basada en la numeración: Vol 1. No 1. noviembre 1955. aLa vida intelectual de un pueblo es la más pura prueba de su carácter y del grado de civilización alcanzado. Es en la obra de los escritores y poetas, en la de los artistas, connaturalizados con el tiempo que les ha tocado vivir, donde más patentemente se refleja la fuerza espiritual, fuerza de perennidad que traspasa las fronteras y vence al tiempo... aLiteraturavPublicaciones periódicas zRepública Dominicana 7aCulturavPublicaciones periódicas zRepública Dominicana 0aArtevPublicaciones periódicas zRepública Dominicana